Japan’s high technology race : The information technologies

Sparad:
Bibliografiska uppgifter
Huvudupphovsman: Sigurdson, Jon
Materialtyp: Bok
Språk:Undetermined
Publicerad: Lund Research Policy Institute 1983
Ämnen:
Taggar: Lägg till en tagg
Inga taggar, Lägg till första taggen!
Thư viện lưu trữ: Trung tâm Học liệu Trường Đại học Cần Thơ
LEADER 00678nam a2200205Ia 4500
001 CTU_122484
008 210402s9999 xx 000 0 und d
082 |a 338.4 
082 |b S579 
100 |a Sigurdson, Jon 
245 0 |a Japan’s high technology race : The information technologies 
245 0 |c Jon Sigurdson 
260 |a Lund 
260 |b Research Policy Institute 
260 |c 1983 
650 |a Information technology,Computer industry,Telecommunication,Data transmission equipment industry 
650 |x Economic aspects,Equipment industry 
650 |z Japan,Japan,Japan,Japan 
904 |i M.Loan 
980 |a Trung tâm Học liệu Trường Đại học Cần Thơ